| 000 | 00701nam a22001937a 4500 | ||
|---|---|---|---|
| 005 | 20251108165017.0 | ||
| 008 | 250721s1993 xx 000 0 ara d | ||
| 082 | 1 | 4 | _a658.78/نظي |
| 100 | 1 | _aخالد، نظمية عبد العظيم | |
| 245 | 1 | 0 | _aإدارة المشتريات و المخازن / |
| 264 | 1 |
_aالقاهرة : _bجامعة القاهرة - التعليم المفتوح، _c1993. |
|
| 300 | _a435ص | ||
| 490 | 0 | _aدراسات بكالوريس التجارة في المعاملات المالية والتجارية | |
| 650 | 1 | 7 | _aالإدارة |
| 650 | 1 | 7 | _aتقنيات الإدارة |
| 650 | 1 | 7 | _aإدارة المشتريات |
| 942 |
_2ddc _cBK |
||
| 999 |
_c19816 _d19816 |
||